UM Logo

Barriers and Needs Analysis of ICT ( Information Communication Technology) Integration in UMDC Teachers. (Record no. 6667)

MARC details
000 -LEADER
fixed length control field 00673nam a22001577a 4500
008 - FIXED-LENGTH DATA ELEMENTS--GENERAL INFORMATION
fixed length control field 170425b xxu||||| |||| 00| 0 eng d
082 ## - DEWEY DECIMAL CLASSIFICATION NUMBER
Edition number 2016
Classification number UT 0767
Item number R26
100 ## - MAIN ENTRY--PERSONAL NAME
9 (RLIN) 20190
Personal name Regidor, Clarence Gail L.
245 ## - TITLE STATEMENT
Title Barriers and Needs Analysis of ICT ( Information Communication Technology) Integration in UMDC Teachers.
Statement of responsibility, etc. Clarence Gail L. Regidor, Michelle Anne J. Sueño and Princess Nice Pamela B. Molina.
300 ## - PHYSICAL DESCRIPTION
Extent 42 pages;
Other physical details 28 cm.
650 #0 - SUBJECT ADDED ENTRY--TOPICAL TERM
9 (RLIN) 20192
Topical term or geographic name as entry element Education
Form subdivision English
General subdivision Undergraduate Thesis.
700 ## - ADDED ENTRY--PERSONAL NAME
9 (RLIN) 20193
Personal name Regidor, Clarence Gail L.
700 ## - ADDED ENTRY--PERSONAL NAME
9 (RLIN) 20194
Personal name Sueño, Michelle Anne J.
700 ## - ADDED ENTRY--PERSONAL NAME
9 (RLIN) 20195
Personal name Molina, Princess Nice Pamela B.
942 ## - ADDED ENTRY ELEMENTS (KOHA)
Source of classification or shelving scheme Dewey Decimal Classification
Koha item type Undergraduate Thesis
Holdings
Withdrawn status Lost status Source of classification or shelving scheme Damaged status Not for loan Home library Current library Date acquired Total Checkouts Full call number Barcode Date last seen Copy number Price effective from Koha item type
    Dewey Decimal Classification     UM Digos College - LIC UM Digos College - LIC 02/27/2017   UT 0767 R26 2016 UT0767 04/25/2017 1 04/25/2017 Undergraduate Thesis